Language Quiz

Random Language or Letter Quiz

Rhymes with Cat Quiz Stats

 Plays Quiz Updated Nov 29, 2017

Score 0/38 Timer 03:00
12 Plays Today
Cat Rhyme % Correct
Mat
97.7%
Bat
97.3%
Hat
95.5%
Fat
94.6%
Rat
94.3%
Pat
93.5%
Sat
92.6%
Lat
85.6%
Nat
84.8%
Vat
81.9%
Tat
79.1%
Gat
76.1%
Dat
73.5%
Kat
63.4%
Brat
61.6%
At
59.4%
Flat
57.9%
Frat
55.5%
Gnat
55.2%
Cat Rhyme % Correct
Prat
52.6%
Drat
52.1%
That
51.3%
Plat
48.8%
Chat
47.3%
Slat
46.4%
Stat
39%
Blat
38.7%
Spat
37.2%
Phat
31.3%
Scat
28.9%
Matt
27.4%
Splat
26.5%
Skat
10.8%
Matte
9.8%
Sprat
9.5%
Batt
7.4%
Flatt
2.3%
Scatt
1.4%

You're not logged in!

Compare scores with friends on all Sporcle quizzes.
OR
Log In

Show Comments

Extras

Top Quizzes Today


Score Distribution

Your Account Isn't Verified!

In order to create a playlist on Sporcle, you need to verify the email address you used during registration. Go to your Sporcle Settings to finish the process.

Report this User

Report this user for behavior that violates our Community Guidelines.

Details: